A general theory of institutional change

Bibliographic Details
Main Author: Tang, Shiping.
Format: Electronic eBook
Language:English
Published: Abingdon, Oxon ; New York, NY : Routledge, 2011.
Series:Routledge studies in the modern world economy ; 86.
Subjects:
Online Access:Click to View
LEADER 01470nam a2200397Ia 4500
001 EBC614923
003 MiAaPQ
005 20200520144314.0
006 m o d |
007 cr cn|||||||||
008 100624s2011 enk sb 001 0 eng d
010 |z  2010026328 
020 |z 9780415597692 (hb) 
020 |z 0415597692 (hb) 
020 |a 9780203834725 (electronic bk.) 
020 |a 0203834720 (electronic bk.) 
035 |a (MiAaPQ)EBC614923 
035 |a (Au-PeEL)EBL614923 
035 |a (CaPaEBR)ebr10447710 
035 |a (CaONFJC)MIL304190 
035 |a (OCoLC)701703825 
040 |a MiAaPQ  |c MiAaPQ  |d MiAaPQ 
050 4 |a HD58.8  |b .T36 2011 
082 0 4 |a 302.3/5  |2 22 
100 1 |a Tang, Shiping. 
245 1 2 |a A general theory of institutional change  |h [electronic resource] /  |c Shiping Tang. 
260 |a Abingdon, Oxon ;  |a New York, NY :  |b Routledge,  |c 2011. 
300 |a 117 p. 
490 1 |a Routledge studies in the modern world economy ;  |v v. 86 
504 |a Includes bibliographical references and index. 
533 |a Electronic reproduction. Ann Arbor, MI : ProQuest, 2015. Available via World Wide Web. Access may be limited to ProQuest affiliated libraries. 
650 0 |a Organizational change. 
650 0 |a Institutional economics. 
655 4 |a Electronic books. 
830 0 |a Routledge studies in the modern world economy ;  |v 86. 
856 4 0 |u https://ebookcentral.proquest.com/lib/matrademy/detail.action?docID=614923  |z Click to View